| 000 | 00566nam a2200181 4500 | ||
|---|---|---|---|
| 001 | 139855 | ||
| 003 | ES-MaACL | ||
| 005 | 20230906195928.0 | ||
| 007 | t| | ||
| 008 | 070214s1974 sp r ||||1| spa d | ||
| 100 | 1 |
_aSchlesinger, Arthur M. ( _d1917-2007) _9104410 |
|
| 245 | 1 | 3 |
_aLa presidencia imperial / _cArthur M. Schlesinger, Jr. ; [traductor: José Manuel Alvarez]. |
| 250 | _a1ª ed. | ||
| 260 |
_aBarcelona : _bDopesa, _c1974. |
||
| 300 |
_a399 p. ; _c21 cm. |
||
| 700 | 1 |
_aÁlvarez Flórez, José Manuel. _920809 |
|
| 852 |
_aES-MaACL _jC-56518 _bR.89332 |
||
| 999 |
_c139855 _d139855 |
||